000 00238nam a22000857a 4500
008 160914b xxu||||| |||| 00| 0 eng d
100 _9463
_aAggarwal. N.K.
245 _aGreat fun with Grammer-1
260 _aNew Delhi
_bMacmilan Publications
_c2012
999 _c3121
_d3121